Регионална библиотека "Любен Каравелов" - Русе

Нямаме никаква представа (Запис номер 322948)

MARC детайли
000 -Лидер
Контролно поле с фиксирана дължина 01744aaa a2200361 a 4500
003 - Код на организацията, давaща контролен номер
Контролно поле BLK
005 - Дата и час на последна редакция
Контролно поле 20230703153850.0
008 - Елементи от данни с фиксирана дължина
fixed length control field 180808b bul||||| |||| 00| 0 bul d
020 ## - Международен стандартен номер на книга ISBN
Международен стандартен номер на книга ISBN 9786190102557
040 ## - Източник на каталожния запис
Идентификатор на билиотеката - собственик на записа BLK
041 ## - Код за език
Код за езика на текст/звукозапис или на отделно заглавие Български
Код за езика КДБФ Български
072 ## - Код за тематичната категория
9 (RLIN) 178263
Код за тематична категория Н50
Текст Естествени науки. Математика и др. Н
080 ## - УДК
Текстов определител УДК Звезди и звездни системи. Вселена - Космически лъчи, междузвездно пространство, Галактика, Млечен път, космология, извънгалактически системи
УДК код - определител по УДК 524
УДК определител (02.062)
УДК - код + определител 524(02.062)
100 ## - Редна дума - Автор
Автор Чам, Хорхе
Авторска отговорност първи автор
R(LIN) 1299
139 ## - Редно поле
Редна дума Чам, Хорхе и др.
Авторски знак Чам - Ч 21
245 ## - Сведения за заглавието
Заглавие Нямаме никаква представа
Подзаглавни данни Пътеводител в непознатата Вселена
Редно поле (дума) Хорхе Чам, Даниъл Уайтсън ; Прев. от англ. Милена Боринова
257 ## - Страна на издаване
Страна на създаване/издаване Съединени американски щати
260 ## - Област на издателските данни
Име на издателя, разпространителя и проч. Изток-Запад
Година на издаване 2018
300 ## - Физическа характеристика
Страници 383 с.
Илюстрации и др. с ил.
Размери/Мащаб 22 см
380 ## - Жанр
Жанр Философия
500 ## - Общи забележки
Забележка Прев. направен по We have no idea / Jordge Cham, Daniel Whiteson. - Азб. показалец
504 ## - Забележка за наличие на библиография и др
Забележка за наличие на библиография и под. Библиогр. с. 371-377
650 #7 - Допълнително описание по предмет – тема
9 (RLIN) 151275
Основно описание – тема или топоним Вселена
653 #7 - Ключова дума – ненормативна
9 (RLIN) 183840
Ключова дума галактики
653 #7 - Ключова дума – ненормативна
9 (RLIN) 196837
Ключова дума Слънчева система
659 #7 - Тематичен бюлетин
9 (RLIN) 178160
Тематичен бюлетин Н
Тематичен бюлетин - текст Нови книги
700 ## - Други автори (авторска отговорност)
Лично име Уайтсън, Даниъл
Автороска отговорност (Описва отношението между автора и произведението) съавт.
9 (RLIN) 1445
700 ## - Други автори (авторска отговорност)
9 (RLIN) 966
Лично име Боринова, Милена
Автороска отговорност (Описва отношението между автора и произведението) прев.
852 ## - Местоположение
Форматна сигнатура Цб 293623
999 ## - СИСТЕМНИ КОНТРОЛНИ НОМЕРА
Koha biblionumber 322948
Koha biblioitemnumber 322948
942 ## - АРТИКУЛИ
Вид на библиотечния материал Книги
Източник на класификационната схема Universal Decimal Classification
Скрит в OPAC Не
Koha issues (borrowed), all copies 21
944 ## - СЪЗДАВАНЕ И РЕДАКЦИЯ на ЗАПИСА
Създаване/Редакция Редакция
Дата на регистрацията/редакция 2019-02-13
Служител, извършил регистрацията/редакцията Петя Минчева
Статус, дата на статуса 2019-02-13
999 ## - СИСТЕМНИ КОНТРОЛНИ НОМЕРА
Koha biblioitemnumber 322948
Наличности
Код за отписване Код за изгубен артикул Източник на класификационната схема Код за повреда Коз за рестрикции Код за отдаване Артикулен № Име на библиотеката - собственик Име на библиотеката, в която се намира в момента Статус (Текущо местоположение) Дата на вписване в системата Местоположение - отдел Цена в лева Инвентарен номер Систематично азбучна сигнатура Баркод Цена в евро Служебен тип на артикула
  Не е изгубен Universal Decimal Classification Не е повреден без рестрикции заемане за дома 677416 Регионална библиотека "Любен Каравелов" Русе Регионална библиотека "Любен Каравелов" Русе Заемна - подръчен фонд 2018-06-15 Заемна - подръчен фонд 20.00 120000821215 П 524/Ч 21 120000821215 10.23 Книги
  Не е изгубен Universal Decimal Classification Не е повреден без рестрикции ползва се в читалня 689251 Регионална библиотека "Любен Каравелов" Русе Регионална библиотека "Любен Каравелов" Русе Хранилище 2019-02-13 Хранилище 20.00   Цб 293623 120000829621 10.23 Книги
Vip Innovations Ltd, Rousse, Bulgaria 2025